000 00878nam a22003370a 4500
001 PT42154
003 AR-LpoUNG
005 20210201010320.0
008 201001s1999||||ag |||||||||||||||||spa d
020 _a9789501114096
_c$2.50
040 _aAR-LpoUNG
_bspa
_eaacr
041 _aspa
044 _aag
082 0 _a808.068 3 557arg
100 1 _aHernandez, José
245 1 0 _aClásicos argentinos
260 _aBuenos Aires :
_bSigmar,
_c1999.
300 _a70 p. :
_btbls., gráfs.
_3Impreso
490 0 _aClásicos juveniles
505 0 _aSugerido a partir de 14 años (etiqueta VERDE)
650 4 _aARGENTINA
650 4 _aCUENTOS
650 4 _aLITERATURA
651 4 _aArgentina
653 _aLITERATURA ARGENTINA
653 _aLITERATURA INFANTOJUVENIL
700 1 _aCané, Miguel
700 1 _aWilde, Eduardo
905 _a42154
942 _cLIB
999 _c50897
_d50897